|
|
|
|
| LEADER |
01102nam a22003612a 4500 |
| 001 |
001689804 |
| 003 |
CZ BrMZK |
| 005 |
20190624133315.0 |
| 007 |
ta |
| 008 |
190621s1983 xr er|||||||||||cze d |
| 015 |
|
|
|a cnb000009038
|
| 020 |
|
|
|q (Brož.) :
|c 6 Kčs
|
| 035 |
|
|
|a (OCoLC)39600152
|
| 040 |
|
|
|a ABA001
|b cze
|d ABA001
|d BOA001
|
| 041 |
1 |
|
|a cze
|h slo
|
| 080 |
|
|
|a 885.4-12
|
| 080 |
9 |
|
|a 885.4-14
|
| 080 |
9 |
|
|a 850
|
| 080 |
9 |
|
|a 885
|
| 080 |
9 |
|
|a 885.0-1 Mařík 032
|
| 100 |
1 |
|
|a Koyš, Pavel,
|d 1932-1993
|7 jn20000728322
|4 aut
|
| 245 |
1 |
0 |
|a Děti na dostřel /
|c Pavel Koyš ; ze slovenštiny přeložil Kamil Mařík ; obálka Jozef Gális
|
| 250 |
|
|
|a 1. vyd.
|
| 260 |
|
|
|a Praha :
|b Mladá fronta,
|c 1983
|
| 300 |
|
|
|a 36 s. ;
|c 29 cm
|
| 500 |
|
|
|a 1000 výt.
|
| 700 |
1 |
|
|a Mařík, Kamil,
|d 1946-
|7 jk01080447
|4 trl
|
| 700 |
1 |
|
|a Gális, Jozef,
|d 1939-
|7 mzk2004241690
|4 ill
|
| 765 |
0 |
|
|t Deti na dostrel
|9 Česky
|
| 910 |
|
|
|a BOA001
|b X2-0868.817
|
| 990 |
|
|
|a BK
|
| 991 |
|
|
|b 201906
|
| 996 |
6 |
|
|b 2618824845
|c X2-0868.817
|l MZK
|r Sklad / do 24 hodin
|n 0
|w 001730904
|u 000010
|a 1
|e BOA001
|j MZK50
|s P
|